000 00751nam a2200253Ia 4500
001 dia_2054
003 CHAP
005 20251021155919.0
008 220117s1978 xx 000 0 und d
010 _a172592
040 _cCHAP
082 _a635.52 H6
100 _aHolguin Saenz, Antonio Armando
_955931
245 _aLa lechuga, su explotación racional /
_c por antonio armando holguin saenz
260 _aChile :
_b "impresos y offset gaytan",
_c1978
300 _a333 p.
400 _aCOLECCIÓN AGRICULTURA ESPECIALIZADA
650 _a1.Lechuga/
_9152157
650 _aVegetales. I.T.
_9152163
901 _a635.52 H6
902 _aM
905 _a0000001978 cl A 0000000000esp00
942 _cLIBRO
_2ddc
999 _c172592
_d172592